Calculus of vector functions / (Record no. 12060)
[ view plain ]
| 000 -LEADER | |
|---|---|
| fixed length control field | 01377cam a22003371i 4500 |
| 001 - CONTROL NUMBER | |
| control field | 1703257 |
| 003 - CONTROL NUMBER IDENTIFIER | |
| control field | EG-ScBUE |
| 005 - DATE AND TIME OF LATEST TRANSACTION | |
| control field | 20250218104059.0 |
| 008 - FIXED-LENGTH DATA ELEMENTS--GENERAL INFORMATION | |
| fixed length control field | 700914t1968 njua f 001 0 eng d |
| 040 ## - CATALOGING SOURCE | |
| Original cataloging agency | EG-ScBUE |
| Language of cataloging | eng |
| Description conventions | rda |
| Transcribing agency | EG-ScBUE |
| Modifying agency | EG-ScBUE |
| 082 04 - DEWEY DECIMAL CLASSIFICATION NUMBER | |
| Classification number | 515.8 |
| Edition number | 22 |
| Item number | WIL |
| 100 1# - MAIN ENTRY--PERSONAL NAME | |
| Personal name | Williamson, Richard E., |
| 9 (RLIN) | 7035 |
| Relator term | author. |
| 245 10 - TITLE STATEMENT | |
| Title | Calculus of vector functions / |
| Statement of responsibility, etc | Richard E. Williamson, Department of Mathematics, Dartmouth College, Richard H. Crowell, Department of Mathematics, Dartmouth College and Hale F. Trotter, Department of Mathematics, Princeton University. |
| 250 ## - EDITION STATEMENT | |
| Edition statement | Second edition. |
| 264 #1 - PUBLICATION, DISTRIBUTION, ETC. (IMPRINT) | |
| Place of publication, distribution, etc | Englewood Cliffs, New Jersey : |
| Name of publisher, distributor, etc | Prentice-Hall,Inc., |
| Date of publication, distribution, etc | [1968] |
| 264 #4 - PUBLICATION, DISTRIBUTION, ETC. (IMPRINT) | |
| Date of publication, distribution, etc | c1968 |
| 300 ## - PHYSICAL DESCRIPTION | |
| Extent | ix, 434 pages : |
| Other physical details | illustrations ; |
| Dimensions | 24 cm |
| 336 ## - CONTENT TYPE | |
| Source | rdacontent |
| Content type term | text |
| Content type code | txt |
| 337 ## - MEDIA TYPE | |
| Media type term | unmediated |
| Source | rdamedia |
| Media type code | n |
| 338 ## - CARRIER TYPE | |
| Carrier type term | volume |
| Carrier type code | nc |
| Source | rdacarrier |
| 500 ## - GENERAL NOTE | |
| General note | A revision of the first edition of Calculus of vector functions, by R. H. Crowell and R. E. Williamson. |
| 500 ## - GENERAL NOTE | |
| General note | Includes index.<br/> |
| 500 ## - GENERAL NOTE | |
| General note | Includes appendix.<br/> |
| 650 #7 - SUBJECT ADDED ENTRY--TOPICAL TERM | |
| Topical term or geographic name as entry element | Functions of real variables. |
| 9 (RLIN) | 7036 |
| Source of heading or term | BUEsh |
| 650 #7 - SUBJECT ADDED ENTRY--TOPICAL TERM | |
| Topical term or geographic name as entry element | Vector analysis. |
| 9 (RLIN) | 7037 |
| Source of heading or term | BUEsh |
| 650 #7 - SUBJECT ADDED ENTRY--TOPICAL TERM | |
| Topical term or geographic name as entry element | Vector valued functions. |
| 9 (RLIN) | 7038 |
| Form subdivision | BUEsh |
| 655 ## - INDEX TERM--GENRE/FORM | |
| Form subdivision | Reading book |
| 700 1# - ADDED ENTRY--PERSONAL NAME | |
| Personal name | Crowell, Richard H., |
| Relator term | author. |
| 9 (RLIN) | 7039 |
| 700 1# - ADDED ENTRY--PERSONAL NAME | |
| Personal name | Trotter, Hale F., |
| Relator term | author. |
| 9 (RLIN) | 7040 |
| 942 ## - ADDED ENTRY ELEMENTS (KOHA) | |
| Source of classification or shelving scheme | Dewey Decimal Classification |
| Koha item type | Book - Borrowing |
| Withdrawn status | Lost status | Source of classification or shelving scheme | Damaged status | Not for loan | Collection code | Home library | Current library | Shelving location | Date acquired | Source of acquisition | Cost, normal purchase price | Total Checkouts | Full call number | Barcode | Date last seen | Price effective from | Koha item type |
|---|---|---|---|---|---|---|---|---|---|---|---|---|---|---|---|---|---|
| Dewey Decimal Classification | Alef-Baa | Central Library | Central Library | First floor | 28/06/2009 | Purchase | 150.00 | 515.8 WIL | 000017176 | 15/07/2025 | 28/06/2009 | Book - Borrowing |